00538 a2200145 4500020001800000082002100018100002200039110004300061245007100104260006300175300002700238650006300265700002100328710004300349 a9879968530156 a725.804.2bF363p aFernandez, Andres aMuseos del Banco Central de Costa Rica aPunto y ContrapuntobLa Plaza de la Cultura Point and Counterpoint aSan Jose, Costa RicabFundacion Museos Banco Centralc2013 a158 pbil (col)c21 cm aarquitecturaxPlaza de la CulturaxComplejo arquitectonico aAndres Fernandez aMuseos del Banco Central de Costa Rica